000 nam a22 a 4500
999 _c35115
_d35115
003 BLK
005 20220907141743.0
008 180408b bul|||||r ||||||| ||bul||
010 _aKNG00037833000
040 _aBLK
041 _aBUL
_cBUL
080 _aОвощарство в цялост
_b634.1
_x(035)
_z634.1(035)
139 _aСправочник по овощарство
_bС 59
245 1 0 _aСправочник по овощарство
_cпод ред. на Боян Виденов; под ред. на Цочо Спасов.
257 _aBGR
260 _aСофия
_bЗемиздат
_c1974
300 _a472с.
_bс табл.
_c22 см
380 _a63
500 _aАвт. : Ц. Спасов, В. Георгиев, Б. Виденов, А. Стоилов, Л. Христов, Е. Лехова, Д. Трачев, К. Дойчев, Ст. Керемидарска, В. Беляков, Б. Миланов и Д. Дончев.
650 4 _aОвощарство - справочници
_9274115
700 1 _aВиденов, Боян
_eпод ред. на
_9274113
700 1 _aСпасов, Цочо
_eпод ред. на
_9274114
852 _aЦб 73515
_bЦб
856 4 _qpdf
856 4 _qpdf
942 _cKNG
_n0
_01
_s1
944 _aCR
_c04.01.2017
_kКина_Георгиева
944 _aED
_c2022-09-07
_kир
999 _d35115